| 000 | 00525nam a22001817a 4500 | ||
|---|---|---|---|
| 003 | koha_MIRAKIL | ||
| 005 | 20260415112050.0 | ||
| 008 | 260415b tur||||| |||| 00| 0 tur d | ||
| 020 | _a986051860640 | ||
| 040 |
_aTR-IsEVY _btur _cTR-IsEVY |
||
| 082 | _aFIC SYM/B | ||
| 100 | _aSymes, Ruth | ||
| 245 | 0 |
_aBella Donna : _bpatlayan büyüler/ _cRuth Symes. |
|
| 260 |
_aİstanbul : _bMartı Yayınları, _c2016. |
||
| 300 |
_a190 s. : _bresimli ; _c20 cm. |
||
| 650 |
_aÇocuk Edebiyatı. _vÇocuk Romanı. |
||
| 942 |
_2ddc _cBK |
||
| 999 |
_c23492 _d23492 |
||